| 000 | 00820nam a2200217Ia 4500 | ||
|---|---|---|---|
| 001 | 15308 | ||
| 003 | GE_BSU | ||
| 008 | 181216s||||||||xx |||||||||||||| ||und|| | ||
| 040 | _cGE_BSU | ||
| 080 | _a821.353.1+821.353.1-1+821.353.1-11 | ||
| 245 | _aთხზულებათა სრული კრებული ოთხ ტომად. ტ.3 | ||
| 245 | _bლექსები პოემები | ||
| 260 | _aთბილისი | ||
| 260 | _bსაბჭოთა მწერლობა | ||
| 260 | _c1949 | ||
| 300 | _a663გვ.23სმ. | ||
| 300 | _eა.ყაზბეგის ლექსიკონი შ.ძიძიგური გვ.645-663 | ||
| 653 | _aთხზულებათა კრებული | ||
| 653 | _aლექსები პოემები | ||
| 942 | _cBK | ||
| 999 |
_c48416 _d48416 |
||